[Event "Ramat Aviv 5th"]
[Site "Ramat Aviv"]
[Date "2003.01.06"]
[Round "11"]
[White "Nisman, Boris I"]
[Black "Rapoport, Igor"]
[Result "1/2-1/2"]
[WhiteElo "2393"]
[BlackElo "2301"]
[PlyCount "48"]
[EventDate "2002.12.24"]
[EventType "tourn"]
[EventRounds "11"]
[EventCountry "ISR"]
[EventCategory "2"]
[SourceTitle "EXT 2004"]
[Source "ChessBase"]
[SourceDate "2003.11.25"]
[SourceVersion "1"]
[SourceVersionDate "2003.11.25"]
[SourceQuality "1"]

1. d4 d5 2. c4 c6 3. Nf3 Nf6 4. Nc3 dxc4 5. a4 Bf5 6. e3 e6 7. Bxc4 Bb4 8. 0-0 Nbd7 9. Qe2 Bg6 10. e4 0-0 11. Bd3 Re8 12. Bf4 Bh5 13. e5 Nd5 14. Nxd5 cxd5 15. h3 a6 16. Rfc1 Nb8 17. g4 Bg6 18. Bxg6 fxg6 19. Bd2 Be7 20. Kg2 Nc6 21. Qe3 Rf8 22. a5 Qd7 23. Ne1 Rf7 24. Nd3 Raf8 1/2-1/2

[Event "Ramat Aviv 5th"]
[Site "Ramat Aviv"]
[Date "2003.01.03"]
[Round "9"]
[White "Rapoport, Igor"]
[Black "Porat, David"]
[Result "1/2-1/2"]
[WhiteElo "2301"]
[BlackElo "2195"]
[PlyCount "53"]
[EventDate "2002.12.24"]
[EventType "tourn"]
[EventRounds "11"]
[EventCountry "ISR"]
[EventCategory "2"]
[SourceTitle "EXT 2004"]
[Source "ChessBase"]
[SourceDate "2003.11.25"]
[SourceVersion "1"]
[SourceVersionDate "2003.11.25"]
[SourceQuality "1"]

1. d4 d5 2. c4 e6 3. cxd5 exd5 4. Nc3 Be7 5. Bf4 Nf6 6. e3 0-0 7. Bd3 c5 8. Nf3 Bg4 9. 0-0 cxd4 10. exd4 Nc6 11. Be2 h6 12. Ne5 Bxe2 13. Nxc6 Bxd1 14. Nxd8 Rfxd8 15. Rfxd1 Ne4 16. Rac1 Nxc3 17. Rxc3 Rac8 18. Rdc1 Rxc3 19. Rxc3 Bf6 20. Be5 Bxe5 21. dxe5 d4 22. Rc7 d3 23. Rc1 g5 24. f3 Re8 25. Rd1 Rxe5 26. Rxd3 Re2 27. Rb3 1/2-1/2

[Event "Ramat Aviv 5th"]
[Site "Ramat Aviv"]
[Date "2003.01.01"]
[Round "8"]
[White "Okunev, Lev"]
[Black "Rapoport, Igor"]
[Result "1/2-1/2"]
[WhiteElo "2196"]
[BlackElo "2301"]
[PlyCount "154"]
[EventDate "2002.12.24"]
[EventType "tourn"]
[EventRounds "11"]
[EventCountry "ISR"]
[EventCategory "2"]
[SourceTitle "EXT 2004"]
[Source "ChessBase"]
[SourceDate "2003.11.25"]
[SourceVersion "1"]
[SourceVersionDate "2003.11.25"]
[SourceQuality "1"]

1. e4 e6 2. d4 d5 3. exd5 exd5 4. Nf3 Bd6 5. c4 Nf6 6. Nc3 0-0 7. Bg5 dxc4 8. Bxc4 Qe8+ 9. Be2 Ne4 10. Bh4 Bb4 11. Qb3 Nc6 12. 0-0 Nxc3 13. bxc3 Qxe2 14. cxb4 Bg4 15. Rfe1 Qb5 16. d5 Bxf3 17. Qxf3 Nxb4 18. Qb3 a5 19. Red1 Rfe8 20. a3 Re4 21. Bg3 a4 22. Qb1 Rae8 23. axb4 Rxb4 24. Qd3 Qxd3 25. Rxd3 Rc4 26. h3 b5 27. Rdd1 f5 28. Rac1 Ree4 29. Bxc7 Red4 30. d6 Rxc1 31. Rxc1 b4 32. Ba5 b3 33. Rc8+ Kf7 34. Bc3 Rxd6 35. Rc7+ Ke6 36. Ra7 Rd1+ 37. Kh2 Rc1 38. Bxg7 Rc4 39. Ra5 Rb4 40. Bb2 f4 41. Re5+ Kf7 42. Rh5 a3 43. Bxa3 b2 44. Bxb2 Rxb2 45. f3 Ke6 46. Rxh7 Kf5 47. h4 Kg6 48. Rc7 Rb5 49. Rc4 Kf5 50. Kh3 Ra5 51. Rc8 Ra6 52. Rc5+ Kf6 53. Kg4 Ra2 54. Rf5+ Ke6 55. Kxf4 Rxg2 56. Rb5 Kf6 57. Rg5 Rh2 58. Kg4 Rg2+ 59. Kf4 Rh2 60. Rg4 Rh1 61. Kg3 Rg1+ 62. Kh2 Rc1 63. Rb4 Kg6 64. Kg2 Kf5 65. h5 Kg5 66. Rb5+ Kh6 67. Kg3 Ra1 68. Re5 Rb1 69. f4 Ra1 70. Kg4 Rg1+ 71. Kf5 Kxh5 72. Kf6+ Kh6 73. f5 Kh7 74. Re8 Rb1 75. Re7+ Kg8 76. Rg7+ Kf8 77. Ra7 Kg8 1/2-1/2

[Event "Ramat Aviv 5th"]
[Site "Ramat Aviv"]
[Date "2002.12.31"]
[Round "7"]
[White "Rapoport, Igor"]
[Black "Okunev, Taras"]
[Result "1/2-1/2"]
[WhiteElo "2301"]
[BlackElo "2206"]
[PlyCount "53"]
[EventDate "2002.12.24"]
[EventType "tourn"]
[EventRounds "11"]
[EventCountry "ISR"]
[EventCategory "2"]
[SourceTitle "EXT 2004"]
[Source "ChessBase"]
[SourceDate "2003.11.25"]
[SourceVersion "1"]
[SourceVersionDate "2003.11.25"]
[SourceQuality "1"]

1. d4 Nf6 2. c4 g6 3. Nc3 d6 4. e4 Bg7 5. Nf3 0-0 6. Be2 e5 7. 0-0 Nc6 8. Be3 Re8 9. d5 Nd4 10. Nxd4 exd4 11. Bxd4 Nxe4 12. Nxe4 Rxe4 13. Bxg7 Kxg7 14. Bd3 Re8 15. Re1 Rxe1+ 16. Qxe1 Qf6 17. Qd2 Bd7 18. Re1 Re8 19. Rxe8 Bxe8 20. Qb4 b6 21. h3 Bd7 22. Qd2 h6 23. b4 c5 24. dxc6 Bxc6 25. Bf1 Qe5 26. f4 Qf6 27. a3 1/2-1/2

[Event "Ramat Aviv 5th"]
[Site "Ramat Aviv"]
[Date "2002.12.25"]
[Round "2"]
[White "Deutsch, Eyal"]
[Black "Rapoport, Igor"]
[Result "1/2-1/2"]
[WhiteElo "2272"]
[BlackElo "2301"]
[PlyCount "50"]
[EventDate "2002.12.24"]
[EventType "tourn"]
[EventRounds "11"]
[EventCountry "ISR"]
[EventCategory "2"]
[SourceTitle "EXT 2004"]
[Source "ChessBase"]
[SourceDate "2003.11.25"]
[SourceVersion "1"]
[SourceVersionDate "2003.11.25"]
[SourceQuality "1"]

1. e4 e6 2. Qe2 c5 3. g3 Nc6 4. Nf3 d6 5. Bg2 Nf6 6. 0-0 Be7 7. d3 0-0 8. Nbd2 Qc7 9. c3 b6 10. a3 a5 11. b3 Ba6 12. Bb2 Nd7 13. Rfd1 Bf6 14. Rac1 d5 15. Qe3 b5 16. Ne1 Rfe8 17. f4 b4 18. Qf2 bxc3 19. Bxc3 Bxc3 20. Rxc3 Qd6 21. Rdc1 Rab8 22. Bf1 Nd4 23. a4 Rb6 24. Nef3 Nxf3+ 25. Qxf3 Reb8 1/2-1/2

[Event "Beersheba-B 16th"]
[Site "Beersheba"]
[Date "1997.??.??"]
[Round "?"]
[White "Lederer, Yoav"]
[Black "Rapoport, Igor"]
[Result "0-1"]
[WhiteElo "2320"]
[BlackElo "2335"]
[PlyCount "64"]
[EventDate "1997.??.??"]
[EventType "tourn"]
[EventRounds "11"]
[EventCountry "ISR"]
[EventCategory "2"]
[SourceTitle "EXT 2003"]
[Source "ChessBase"]
[SourceDate "2002.11.25"]
[SourceVersion "1"]
[SourceVersionDate "2002.11.25"]
[SourceQuality "1"]

1. e4 e5 2. Nf3 Nc6 3. Bc4 Bc5 4. d3 d6 5. c3 Nf6 6. Bb3 Bb6 7. h3 Ne7 8. Nbd2 c6 9. Nf1 Ng6 10. Ng3 h6 11. 0-0 0-0 12. d4 exd4 13. Nxd4 d5 14. exd5 Nxd5 15. Qf3 Bxd4 16. cxd4 Be6 17. Ne4 Nc7 18. Rd1 Bd5 19. Bxd5 Qxd5 20. Qg3 Qxe4 21. Qxc7 Rad8 22. Be3 Nh4 23. Qg3 Nf5 24. Qg4 Qd5 25. Bf4 g6 26. b3 Kh7 27. Rac1 h5 28. Qe2 Rfe8 29. Qc4 Nxd4 30. Rxd4 Qxd4 31. Qxf7+ Qg7 32. Qc4 Rd4 0-1

[Event "RUS-Cup7"]
[Site "Kstovo"]
[Date "1997.??.??"]
[Round "8"]
[White "Rapoport, Igor"]
[Black "Virovlansky, Semen"]
[Result "0-1"]
[WhiteElo "2335"]
[BlackElo "2225"]
[PlyCount "58"]
[EventDate "1997.05.01"]
[EventType "swiss"]
[EventRounds "9"]
[EventCountry "RUS"]
[SourceTitle "EXT 1999"]
[Source "ChessBase"]
[SourceDate "1998.11.16"]
[SourceVersion "1"]
[SourceVersionDate "1998.11.16"]
[SourceQuality "1"]

1. d4 Nf6 2. Nf3 e6 3. c4 Bb4+ 4. Nc3 b6 5. Qb3 c5 6. a3 Bxc3+ 7. Qxc3 Bb7 8. Bg5 h6 9. Bf4 Ne4 10. Qc2 cxd4 11. Be5 0-0 12. Bxd4 d5 13. e3 Nc6 14. Rd1 Rc8 15. Bc3 Nxc3 16. Qxc3 Na5 17. Ne5 Qg5 18. h4 Qf6 19. Qd4 Rfd8 20. Qf4 dxc4 21. Rxd8+ Rxd8 22. Qxf6 gxf6 23. Ng4 f5 24. Ne5 b5 25. Rg1 f6 26. Ng6 Kf7 27. Nf4 e5 28. Nh5 Nb3 29. Be2 Rd2 0-1

[Event "Beersheba-B 16th"]
[Site "Beersheba"]
[Date "1997.??.??"]
[Round "?"]
[White "Shevelev, Danny"]
[Black "Rapoport, Igor"]
[Result "1-0"]
[WhiteElo "2190"]
[BlackElo "2335"]
[PlyCount "43"]
[EventDate "1997.??.??"]
[EventType "tourn"]
[EventRounds "11"]
[EventCountry "ISR"]
[EventCategory "2"]
[SourceTitle "EXT 2003"]
[Source "ChessBase"]
[SourceDate "2002.11.25"]
[SourceVersion "1"]
[SourceVersionDate "2002.11.25"]
[SourceQuality "1"]

1. d4 Nf6 2. Nf3 e6 3. e3 b6 4. Bd3 Bb7 5. Nbd2 d5 6. 0-0 Be7 7. b3 0-0 8. Bb2 Nbd7 9. Ne5 Nxe5 10. dxe5 Nd7 11. Qh5 g6 12. Qh3 c5 13. f4 Re8 14. Nf3 c4 15. bxc4 dxc4 16. Bxc4 Qc7 17. Bxe6 fxe6 18. Qxe6+ Kh8 19. Qxd7 Qxc2 20. Rf2 Qc6 21. e6+ Kg8 22. Qd4 1-0

[Event "RUS-Cup7"]
[Site "Kstovo"]
[Date "1997.??.??"]
[Round "9"]
[White "Sokolov, Alexander"]
[Black "Rapoport, Igor"]
[Result "1-0"]
[WhiteElo "2350"]
[BlackElo "2335"]
[PlyCount "69"]
[EventDate "1997.05.01"]
[EventType "swiss"]
[EventRounds "9"]
[EventCountry "RUS"]
[SourceTitle "EXT 1999"]
[Source "ChessBase"]
[SourceDate "1998.11.16"]
[SourceVersion "1"]
[SourceVersionDate "1998.11.16"]
[SourceQuality "1"]

1. e4 e6 2. d4 d5 3. Nd2 Nf6 4. e5 Nfd7 5. c3 c5 6. Bd3 Nc6 7. Ne2 cxd4 8. cxd4 f6 9. exf6 Qxf6 10. Nf3 Bb4+ 11. Bd2 Bxd2+ 12. Qxd2 0-0 13. 0-0 e5 14. dxe5 Ndxe5 15. Nxe5 Nxe5 16. Nd4 Bg4 17. h3 Qf4 18. Qxf4 Rxf4 19. Ne2 Bxe2 20. Bxe2 Re4 21. Bd1 Rd8 22. Bb3 Nc4 23. Rfd1 b5 24. Kf1 Kf8 25. Rac1 a5 26. g3 Nxb2 27. Rxd5 Rxd5 28. Bxd5 Re5 29. Rc5 b4 30. Rxa5 Ke7 31. Ra7+ Kf6 32. Bg8 h6 33. Rf7+ Kg6 34. Rf3 Nd1 35. Rd3 1-0

[Event "Ceske Budejovice op"]
[Site "Ceske Budejovice"]
[Date "1996.??.??"]
[Round "3"]
[White "Chernikov, Oleg L"]
[Black "Rapoport, Igor"]
[Result "1-0"]
[WhiteElo "2385"]
[BlackElo "2300"]
[PlyCount "57"]
[EventDate "1996.??.??"]
[EventType "swiss"]
[EventRounds "9"]
[EventCountry "CZE"]
[SourceTitle "EXT 1998"]
[Source "ChessBase"]
[SourceDate "1997.11.17"]
[SourceVersion "1"]
[SourceVersionDate "1997.11.17"]
[SourceQuality "1"]

1. Nf3 d5 2. d4 c6 3. c4 Nf6 4. e3 e6 5. Nbd2 c5 6. cxd5 exd5 7. b3 cxd4 8. Nxd4 Bb4 9. Qc2 Nc6 10. Nxc6 bxc6 11. Bd3 0-0 12. 0-0 Bd6 13. Bb2 c5 14. e4 Ng4 15. h3 Nh2 16. Rfd1 Qg5 17. e5 Bxh3 18. g3 Bg4 19. Kxh2 Bxd1 20. Rxd1 f5 21. exd6 f4 22. Nf1 Rad8 23. Qe2 Qh6+ 24. Kg1 f3 25. Qe5 d4 26. b4 Rxd6 27. Nd2 cxb4 28. Nxf3 Rdf6 29. Be4 1-0

[Event "Polanica Zdroj op"]
[Site "Polanica Zdroj"]
[Date "1996.??.??"]
[Round "4"]
[White "Kucypera, Anna"]
[Black "Rapoport, Igor"]
[Result "0-1"]
[WhiteElo "2020"]
[BlackElo "2260"]
[PlyCount "84"]
[EventDate "1996.??.??"]
[EventType "swiss"]
[EventRounds "10"]
[EventCountry "POL"]
[SourceTitle "EXT 1998"]
[Source "ChessBase"]
[SourceDate "1997.11.17"]
[SourceVersion "1"]
[SourceVersionDate "1997.11.17"]
[SourceQuality "1"]

1. e4 e6 2. d4 d5 3. Nc3 Nf6 4. Bg5 dxe4 5. Nxe4 Be7 6. Bxf6 Bxf6 7. Nf3 0-0 8. Qd2 Nd7 9. 0-0-0 b6 10. h4 Bb7 11. Bd3 Be7 12. Qf4 Nf6 13. Nxf6+ Bxf6 14. Ng5 g6 15. c3 Bg7 16. Qg4 h6 17. Nxe6 Bc8 18. Qxg6 fxg6 19. Nxd8 Rxd8 20. Bxg6 Be6 21. Be4 Bd5 22. f3 c6 23. Kb1 Rf8 24. Rde1 Rad8 25. Re2 b5 26. Rhe1 Bc4 27. Re3 Rd6 28. Bc2 Bf6 29. Re4 h5 30. Rf4 Kg7 31. a3 a5 32. g3 Bd5 33. Rf5 Bf7 34. Rf4 b4 35. axb4 axb4 36. Be4 Rb8 37. Kc2 Ra8 38. Rf5 Ra2 39. Rd1 bxc3 40. Kxc3 Ra4 41. b4 Ra3+ 42. Kc2 Bxd4 0-1

[Event "Petrov Memorial op"]
[Site "St Petersburg"]
[Date "1996.??.??"]
[Round "6"]
[White "Lugovoi, Aleksei"]
[Black "Rapoport, Igor"]
[Result "1-0"]
[WhiteElo "2470"]
[BlackElo "2260"]
[PlyCount "69"]
[EventDate "1996.02.??"]
[EventType "swiss"]
[EventRounds "9"]
[EventCountry "RUS"]
[SourceTitle "CBM 052"]
[Source "ChessBase"]
[SourceDate "1996.06.01"]
[SourceVersion "1"]
[SourceVersionDate "1996.06.01"]
[SourceQuality "1"]

1. d4 d5 2. c4 c6 3. Nc3 Nf6 4. Nf3 e6 5. Qb3 Nbd7 6. Bg5 Qb6 7. Qc2 Ne4 8. Bd2 Nxd2 9. Qxd2 Nf6 10. e3 Bb4 11. Bd3 dxc4 12. Bxc4 0-0 13. 0-0 c5 14. Qe2 cxd4 15. exd4 Bxc3 16. bxc3 Qa5 17. Rac1 b6 18. Ne5 Bb7 19. f4 g6 20. g4 Nd5 21. f5 exf5 22. gxf5 Rae8 23. fxg6 hxg6 24. Qg4 Rxe5 25. dxe5 Qc5+ 26. Rf2 Ne7 27. Qf4 Nf5 28. Rd1 b5 29. Bb3 Re8 30. e6 f6 31. Rd8 Kg7 32. Rxe8 Qc6 33. Bd5 Qxd5 34. Qc7+ Kh6 35. Rh8+ 1-0

[Event "Polanica Zdroj op"]
[Site "Polanica Zdroj"]
[Date "1996.??.??"]
[Round "6"]
[White "Pasko, Wieslaw"]
[Black "Rapoport, Igor"]
[Result "0-1"]
[WhiteElo "2230"]
[BlackElo "2260"]
[PlyCount "96"]
[EventDate "1996.??.??"]
[EventType "swiss"]
[EventRounds "10"]
[EventCountry "POL"]
[SourceTitle "EXT 1998"]
[Source "ChessBase"]
[SourceDate "1997.11.17"]
[SourceVersion "1"]
[SourceVersionDate "1997.11.17"]
[SourceQuality "1"]

1. e4 e6 2. d4 d5 3. e5 c5 4. c3 Nc6 5. Nf3 Bd7 6. Be2 Nge7 7. Na3 cxd4 8. cxd4 Nf5 9. Nc2 Nb4 10. Nxb4 Bxb4+ 11. Bd2 Qb6 12. Bxb4 Qxb4+ 13. Qd2 a5 14. a3 Qb6 15. 0-0 0-0 16. Rac1 Rfc8 17. g4 Ne7 18. h4 Bb5 19. Bxb5 Qxb5 20. h5 h6 21. g5 Nf5 22. Rc3 Rc4 23. gxh6 gxh6 24. b3 Rc6 25. Rfc1 Kh8 26. Nh4 Rxc3 27. Rxc3 Rg8+ 28. Rg3 Rxg3+ 29. fxg3 Qxb3 30. Nxf5 Qb1+ 31. Kg2 Qe4+ 32. Kg1 Qxf5 33. Qxh6+ Kg8 34. Qd2 Qxh5 35. Qxa5 Qd1+ 36. Kh2 Qxd4 37. Qd8+ Kh7 38. Qf6 Qd2+ 39. Kg1 Qc1+ 40. Kf2 Qc2+ 41. Kg1 Qf5 42. Qh4+ Kg7 43. Qd4 Qf3 44. Kh2 Qe4 45. Qb6 d4 46. Qd6 Qd5 47. Qe7 Qxe5 48. Qxb7 d3 0-1

[Event "Polanica Zdroj op"]
[Site "Polanica Zdroj"]
[Date "1996.??.??"]
[Round "7"]
[White "Rapoport, Igor"]
[Black "Gritsak, Orest"]
[Result "1-0"]
[WhiteElo "2260"]
[BlackElo "2410"]
[PlyCount "72"]
[EventDate "1996.??.??"]
[EventType "swiss"]
[EventRounds "10"]
[EventCountry "POL"]
[SourceTitle "EXT 1998"]
[Source "ChessBase"]
[SourceDate "1997.11.17"]
[SourceVersion "1"]
[SourceVersionDate "1997.11.17"]
[SourceQuality "1"]

1. d4 Nf6 2. Nf3 g6 3. c4 Bg7 4. g3 c5 5. Bg2 Qa5+ 6. Nc3 Ne4 7. Bd2 Nxd2 8. Qxd2 d6 9. 0-0 Nc6 10. e3 Bg4 11. dxc5 dxc5 12. h3 Rd8 13. Qe2 Bf5 14. Rad1 Bxc3 15. Rxd8+ Nxd8 16. bxc3 Qxc3 17. Rd1 0-0 18. Ng5 b6 19. e4 Bc8 20. e5 h6 21. Nf3 Ba6 22. Bf1 Bb7 23. Rd3 Qa1 24. Rd7 Bxf3 25. Qxf3 Qxe5 26. Rxa7 Qd6 27. Qd5 Qf6 28. Ra6 Ne6 29. Rxb6 Qa1 30. Ra6 Nc7 31. Rxg6+ Kh7 32. Qf5 fxg6 33. Qxf8 Qf6 34. Qxf6 exf6 35. a4 Ne8 36. a5 Nd6 1-0

[Event "Krasnodar op"]
[Site "Krasnodar"]
[Date "1996.??.??"]
[Round "5"]
[White "Rapoport, Igor"]
[Black "Poluljahov, Aleksandr"]
[Result "0-1"]
[WhiteElo "2260"]
[BlackElo "2480"]
[PlyCount "96"]
[EventDate "1996.??.??"]
[EventType "swiss"]
[EventRounds "11"]
[EventCountry "RUS"]
[SourceTitle "EXT 2000"]
[Source "ChessBase"]
[SourceDate "1999.11.16"]
[SourceVersion "1"]
[SourceVersionDate "1999.11.16"]
[SourceQuality "1"]

1. d4 Nf6 2. Nf3 d6 3. g3 g6 4. Bg2 Bg7 5. c4 0-0 6. 0-0 Nbd7 7. Nc3 e5 8. h3 Re8 9. e4 exd4 10. Nxd4 Nc5 11. Re1 a5 12. Qc2 Bd7 13. Be3 Qc8 14. Kh2 Re5 15. Nde2 Rh5 16. Nf4 Ng4+ 17. Kg1 Nxe3 18. Rxe3 Re5 19. Rd1 Re8 20. Kh2 Qd8 21. Re2 h5 22. Nd3 Ne6 23. Qc1 h4 24. Nf4 Be5 25. Qe3 Nc5 26. Nd3 Nxd3 27. Rxd3 hxg3+ 28. fxg3 Be6 29. b3 a4 30. Nd5 axb3 31. axb3 Ra1 32. Re1 Ra2 33. Re2 Ra1 34. Re1 Rxe1 35. Qxe1 c6 36. Nf4 Bc8 37. Qd2 Qe7 38. Rf3 Kg7 39. Nd3 Bd4 40. Nf2 c5 41. h4 Bd7 42. Nh3 b5 43. Nf4 Qxe4 44. Rf1 Qe3 45. Qa2 bxc4 46. bxc4 Bf5 47. Nd5 Qd3 48. Qa4 Re2 0-1

[Event "Polanica Zdroj op"]
[Site "Polanica Zdroj"]
[Date "1996.??.??"]
[Round "8"]
[White "Rustemov, Alexander"]
[Black "Rapoport, Igor"]
[Result "1-0"]
[WhiteElo "2495"]
[BlackElo "2260"]
[PlyCount "59"]
[EventDate "1996.??.??"]
[EventType "swiss"]
[EventRounds "10"]
[EventCountry "POL"]
[SourceTitle "EXT 1998"]
[Source "ChessBase"]
[SourceDate "1997.11.17"]
[SourceVersion "1"]
[SourceVersionDate "1997.11.17"]
[SourceQuality "1"]

1. Nf3 d5 2. g3 Bg4 3. Bg2 c6 4. b3 Nf6 5. Bb2 Nbd7 6. d3 e6 7. Nbd2 Be7 8. h3 Bh5 9. 0-0 0-0 10. c4 a5 11. a3 Ne8 12. Qc2 Bf6 13. b4 Bxb2 14. Qxb2 Qf6 15. Qxf6 Nexf6 16. g4 Bg6 17. Nd4 e5 18. N4b3 a4 19. Na5 Ra7 20. cxd5 Nxd5 21. Bxd5 cxd5 22. Rac1 Nb6 23. Rc5 f5 24. Rfc1 fxg4 25. hxg4 Be8 26. Rc7 Bd7 27. f3 Rc8 28. R1c5 Rxc7 29. Rxc7 Kf7 30. Nc6 1-0

[Event "Ceske Budejovice op"]
[Site "Ceske Budejovice"]
[Date "1995.??.??"]
[Round "5"]
[White "Groh, Jiri"]
[Black "Rapoport, Igor"]
[Result "0-1"]
[WhiteElo "2140"]
[BlackElo "2295"]
[PlyCount "88"]
[EventDate "1995.??.??"]
[EventType "swiss"]
[EventRounds "9"]
[EventCountry "CZE"]
[SourceTitle "EXT 1997"]
[Source "ChessBase"]
[SourceDate "1996.11.15"]
[SourceVersion "1"]
[SourceVersionDate "1996.11.15"]
[SourceQuality "1"]

1. c4 e6 2. Nf3 d5 3. cxd5 exd5 4. d4 c6 5. Nc3 Bf5 6. Bf4 Nf6 7. e3 Qb6 8. Qc1 Nbd7 9. Nh4 Be4 10. f3 Bg6 11. Nxg6 hxg6 12. Bd3 Nh5 13. Bg5 Bd6 14. Qc2 Ng3 15. Rg1 Rxh2 16. Bxg6 Nf8 17. Bd3 f6 18. Bf4 Bxf4 19. exf4 Qxd4 20. 0-0-0 Qxf4+ 21. Kb1 0-0-0 22. Rde1 Qc7 23. Qf2 d4 24. Nb5 Qf4 25. Re7 cxb5 26. Rc1+ Kb8 27. Qc2 Rh1 28. Rxb7+ Ka8 29. Rxa7+ Kxa7 30. Qc5+ Ka8 31. Qc6+ Ka7 32. Qc5+ Ka8 33. Rxh1 Nd7 34. Qc6+ Ka7 35. Rc1 Qe5 36. Bxb5 Nb6 37. Qc7+ Qxc7 38. Rxc7+ Kb8 39. Rxg7 Nf5 40. Rf7 d3 41. Bxd3 Rxd3 42. Rxf6 Rd1+ 43. Kc2 Ne3+ 44. Kb3 Rd3+ 0-1

[Event "Chigorin Memorial"]
[Site "St Petersburg"]
[Date "1995.??.??"]
[Round "3"]
[White "Najer, Evgeniy"]
[Black "Rapoport, Igor"]
[Result "1-0"]
[WhiteElo "2455"]
[BlackElo "2295"]
[PlyCount "57"]
[EventDate "1995.09.??"]
[EventType "swiss"]
[EventRounds "9"]
[EventCountry "RUS"]
[SourceTitle "EXT 1997"]
[Source "ChessBase"]
[SourceDate "1996.11.15"]
[SourceVersion "1"]
[SourceVersionDate "1996.11.15"]
[SourceQuality "1"]

1. d4 d5 2. c4 e6 3. Nc3 Nf6 4. Nf3 c6 5. Bg5 dxc4 6. e3 b5 7. a4 Qb6 8. Bxf6 gxf6 9. Be2 Bb7 10. 0-0 a6 11. b3 b4 12. Ne4 Nd7 13. a5 Qc7 14. Bxc4 c5 15. Bd3 0-0-0 16. Qe2 Kb8 17. Rfc1 Qc6 18. Rc2 Ka7 19. Rac1 Qd5 20. Ned2 Rc8 21. Be4 Qh5 22. Bxb7 Kxb7 23. Ne4 Qd5 24. dxc5 Nxc5 25. Nxf6 Qd8 26. Ne4 Qxa5 27. Nd4 Rc7 28. Qf3 Kb6 29. Nd2 1-0

[Event "Katowice op"]
[Site "Katowice"]
[Date "1995.??.??"]
[Round "6"]
[White "Rapoport, Igor"]
[Black "Widera, Jan"]
[Result "1-0"]
[WhiteElo "2280"]
[BlackElo "2200"]
[PlyCount "75"]
[EventDate "1995.??.??"]
[EventType "swiss"]
[EventRounds "9"]
[EventCountry "POL"]
[SourceTitle "EXT 2000"]
[Source "ChessBase"]
[SourceDate "1999.11.16"]
[SourceVersion "1"]
[SourceVersionDate "1999.11.16"]
[SourceQuality "1"]

1. d4 Nf6 2. c4 c5 3. d5 e6 4. Nc3 exd5 5. cxd5 g6 6. e4 d6 7. f4 Bg7 8. Nf3 0-0 9. Be2 Re8 10. e5 Nfd7 11. exd6 a6 12. a4 Qb6 13. 0-0 Qxd6 14. Ng5 Nf6 15. Bf3 Nbd7 16. Re1 Rxe1+ 17. Qxe1 b6 18. Nxf7 Qf8 19. Ng5 h6 20. Ne6 Qe8 21. Qg3 Ra7 22. Bd2 Nf8 23. Nxg7 Rxg7 24. Re1 Qd8 25. Qh4 Bf5 26. Ne4 Bxe4 27. Bxe4 Qd6 28. Bc3 N8d7 29. Bf3 c4 30. Re6 Qc5+ 31. Kf1 g5 32. Qxh6 g4 33. Bxf6 Nxf6 34. Qxf6 gxf3 35. Re8+ Kh7 36. Qh4+ Kg6 37. Qg4+ Kh6 38. Rh8+ 1-0

[Event "Katowice op"]
[Site "Katowice"]
[Date "1995.??.??"]
[Round "9"]
[White "Rychlik, Bogdan"]
[Black "Rapoport, Igor"]
[Result "0-1"]
[WhiteElo "2185"]
[BlackElo "2280"]
[PlyCount "82"]
[EventDate "1995.??.??"]
[EventType "swiss"]
[EventRounds "9"]
[EventCountry "POL"]
[SourceTitle "EXT 2000"]
[Source "ChessBase"]
[SourceDate "1999.11.16"]
[SourceVersion "1"]
[SourceVersionDate "1999.11.16"]
[SourceQuality "1"]

1. e4 e6 2. d4 d5 3. Nc3 Bb4 4. e5 c5 5. a3 Bxc3+ 6. bxc3 Ne7 7. a4 Nbc6 8. Nf3 Qa5 9. Bd2 Qc7 10. Bd3 c4 11. Be2 Bd7 12. 0-0 f6 13. exf6 gxf6 14. Re1 0-0-0 15. Bf1 h5 16. Nh4 e5 17. Qc1 Rdg8 18. Kh1 Ng6 19. Nxg6 Rxg6 20. dxe5 fxe5 21. Be3 h4 22. a5 Rhg8 23. f3 Bf5 24. Qd2 Qd7 25. Red1 Be6 26. Qf2 a6 27. Rd2 h3 28. g3 Qf7 29. Be2 Rf6 30. Bb6 Bg4 31. Rf1 Rf8 32. f4 Be6 33. Bc5 Rd8 34. Qe3 Rg8 35. Bd6 d4 36. cxd4 exd4 37. Qa3 Bd5+ 38. Bf3 Bxf3+ 39. Rxf3 Qd5 40. Bc5 d3 41. Rdf2 d2 0-1